El Mausoleo romano de Vilablareix / por Carlos Cid Priego
Publicado:
[Girona] :
Consejo Superior de Investigaciones Científicas. Patronato de la excma. Diputación Provincial de Gerona. Instituto de Estudios Gerundenses ,
1950
Descripción Física:
7 p., [3] p. de làm. ; 25 cm
Materias:
Tombes -- Vilablareix
MARC
| LEADER | 00000nam a2200000Ia 4500 | ||
|---|---|---|---|
| 001 | 17548 | ||
| 008 | 160829s1950 xx 000 0 cat d | ||
| 080 | |a FU-2-22 | ||
| 100 | |a Cid Priego, Carlos |9 19791 | ||
| 245 | |a El Mausoleo romano de Vilablareix / por Carlos Cid Priego | ||
| 260 | |a [Girona] : |b Consejo Superior de Investigaciones Científicas. Patronato de la excma. Diputación Provincial de Gerona. Instituto de Estudios Gerundenses, |c 1950 | ||
| 300 | |a 7 p., [3] p. de làm. ; |c 25 cm | ||
| 590 | |a Tirada a parte de los Anales del Instituto de Estudios Gerundenses del patronato José Ma Quadrado, 1950. | ||
| 590 | |a Prové de R.168 del currículum per la plaça de conservador del Museu Arqueològic, 1957 | ||
| 650 | |a Tombes |x Vilablareix |9 46597 | ||
| 856 | 4 | |u https://media.diba.cat/diba/fitxers/arxiu/fulletons/bib_17548_baixa.pdf |y Accés lliure | |
| 856 | 4 | |u https://media.diba.cat/diba/fitxers/arxiu/fulletons/bib_17548_baixa.pdf |y Accés lliure | |
| 901 | |a Arxiu | ||
| 942 | |n 1 |2 udc | ||
| 952 | |0 0 |1 0 |4 0 |6 FU222 |7 1 |9 53303 |a Arxiu |b Arxiu |d 2016-12-01 |l 0 |o FU-2-22 |p 17548 |r 2016-12-01 00:00:00 |w 2016-12-01 |y ARXIU | ||
| 999 | |c 57167 |d 57167 | ||
| 900 | |a bib_17548_baixa.pdf | ||